• 首页
  • 本馆介绍
  • 公告通知
  • 最新文献
  • 馆藏检索
  • 电子资源
  • 读者导购
  • 参考咨询
  • 我的图书馆
  • 登录
  • 详细信息显示
  • 放入我的书架
  • 预约/预借图书
  • 作者相关作品
  • 分类相关作品
  • 丛书相关作品
  • 出版社相关作品

书目信息

  • 表格格式
  • 工作单格式
  • 卡片格式
书名: The compact history of the Civil War
作者: R. Ernest Dupuy and Trevor N. Dupuy.
分册号:
分册名:
出版地: New York :
 
出版社: Warner Books
出版时间: [1993], c1960.
页数: xxi, 490 p. :
开本: 21 cm.
丛书名:
中图分类号:
科图分类号:
其他分类号: K712.4
主题词:
电子资源:
000 01142pam a2200301 a 450
001 E0732117635
005 20070515085701.65
008 921201t19931960nyub b 001 0 eng
010    @a92044965
020    @a0446394327 :@c$12.99 ($16.25 Canada).
035    @A(DLC) 92044965
040    @aDLC@cDLC@dDLC
043    @an-us---
050 00 @aE468@b.D96 1993
082 00 @a973.7@2 20
090    @aK712.4
099    @dK712.4@ex50
100 1  @aDupuy, R. Ernest@q(Richard Ernest),@d1887-1975.
245 14 @aThe compact history of the Civil War / @cR. Ernest Dupuy and Trevor N. Dupuy.
250    @aWarner books ed.
260    @aNew York :@bWarner Books,@c[1993], c1960.
300    @axxi, 490 p. :@bmaps ;@c21 cm.
504    @aIncludes bibliographical references (p. 468-471) and index.
651  0 @aUnited States@xHistory@yCivil War, 1861-1865.
700 1  @aDupuy, Trevor Nevitt,@d1916-
906    @a7@bcbc@corignew@d1@eocip@f19@gy-gencatlg
955    @apc17 to la00 12-01-92; lk09 12-03-92; lk03 12-03-92; lj04 12-04-92; aa21 12-07-92; CIP ver. pv03 08-13-93
991    @bc-GenColl@hE468@i.D96 1993@p00011248949@tCopy 1@wBOOKS
    
    The compact history of the Civil War / / R. Ernest Dupuy and Trevor N. Dupuy.-Warner books ed.-New York : : Warner Books, , [1993], c1960.
    xxi, 490 p. : : maps ; ; 21 cm.
    Includes bibliographical references (p. 468-471) and index.
    
    ISBN 0446394327 :$12.99 ($16.25 Canada).
    
●
相关链接 在E读中查询图书 在五车中查询图书 在当当中查询图书 在豆瓣中查询图书


正题名:compact history of the Civil War     索取号:K712.4/x50         预约/预借

序号 登录号 条形码 馆藏地/架位号 状态 备注
1 9115   300091157   第二样本阅览室/ [索取号:K712.4/x50] 在馆    
唐山师范学院图书馆 欢迎您!
大连网信软件有限公司© 版权所有